Operations and supply management : The core
This book is about designing and operating processes that deliver a firm's goods and services in a maner that matches customer's expectations. Really successful firms have a clear and unambiguous idea of how thay intend to make money.
Сохранить в:
| Главный автор: | |
|---|---|
| Формат: | |
| Язык: | Undetermined |
| Опубликовано: |
Boston
McGraw - Hill
2008
|
| Предметы: | |
| Метки: |
Добавить метку
Нет меток, Требуется 1-ая метка записи!
|
| Thư viện lưu trữ: | Trung tâm Học liệu Trường Đại học Cần Thơ |
|---|
| LEADER | 00795nam a2200217Ia 4500 | ||
|---|---|---|---|
| 001 | CTU_133884 | ||
| 008 | 210402s9999 xx 000 0 und d | ||
| 020 | |c 503 | ||
| 082 | |a 658.5 | ||
| 082 | |b J17 | ||
| 100 | |a Jacobs, F. Robert. | ||
| 245 | 0 | |a Operations and supply management : | |
| 245 | 4 | |b The core | |
| 245 | 0 | |c F. Robert Jacobs, Richard B. Chase | |
| 260 | |a Boston | ||
| 260 | |b McGraw - Hill | ||
| 260 | |c 2008 | ||
| 520 | |a This book is about designing and operating processes that deliver a firm's goods and services in a maner that matches customer's expectations. Really successful firms have a clear and unambiguous idea of how thay intend to make money. | ||
| 650 | |a Production management. | ||
| 904 | |i Năm | ||
| 980 | |a Trung tâm Học liệu Trường Đại học Cần Thơ | ||